[Event "Bahn-chG"]
[Site "Bad Wildungen"]
[Date "2000.09.29"]
[Round "6"]
[White "Rudolf, Theo"]
[Black "Holz, Peter"]
[Result "1-0"]
[WhiteElo "1401"]
[BlackElo "1350"]
[PlyCount "153"]
[EventDate "2000.09.24"]
[EventType "swiss"]
[EventRounds "7"]
[EventCountry "GER"]
[SourceTitle "EXT 2003"]
[Source "ChessBase"]
[SourceDate "2002.11.25"]
[SourceVersion "1"]
[SourceVersionDate "2002.11.25"]
[SourceQuality "1"]

1. d4 b6 2. Nc3 Nf6 3. e4 Bb7 4. Bd3 e6 5. Nf3 Bb4 6. Qe2 h6 7. Bd2 d5 8. e5 Nfd7 9. a3 Be7 10. g3 c5 11. Bb5 Bc6 12. b3 cxd4 13. Nxd4 Bxb5 14. Ncxb5 a6 15. Nc3 Qc7 16. Nf3 Nc6 17. Bf4 g5 18. Bd2 Ncxe5 19. 0-0 Bf6 20. Rac1 Ng6 21. Nxd5 Qd8 22. Bb4 Be7 23. Nxe7 Nxe7 24. Rfd1 Qc7 25. c4 Nc6 26. Bd6 Qb7 27. b4 Na7 28. Ne5 Nf6 29. Rd4 b5 30. c5 Nc6 31. Nxc6 Qxc6 32. Qe5 Qf3 33. c6 0-0-0 34. c7 Rde8 35. h3 Nd5 36. Rdd1 Qxa3 37. Ra1 Qc3 38. Qxc3 Nxc3 39. Rd3 Na4 40. Be5 Rhg8 41. Rad1 Nb6 42. Rf3 Nd7 43. Bd6 f5 44. Ra1 Kb7 45. g4 f4 46. Rfa3 Ra8 47. Re1 Rge8 48. Rd3 e5 49. Rd5 Kc6 50. Red1 Nb6 51. Rxe5 Rxe5 52. Bxe5 Nc4 53. Bg7 Kxc7 54. Bxh6 Rh8 55. Bxg5 Rxh3 56. Bxf4+ Kc6 57. Kg2 Rb3 58. g5 Rxb4 59. g6 Nb6 60. g7 Nd5 61. g8Q Nxf4+ 62. Kf3 Rc4 63. Qe8+ Kb6 64. Qd8+ Kc6 65. Rd6+ Kc5 66. Rxa6 Nd5 67. Qf8+ Kd4 68. Ra1 Rc3+ 69. Kg2 Kc4 70. Qc8+ Kb3 71. Qe6 Kc4 72. Rd1 Rd3 73. Rxd3 Kxd3 74. Qxd5+ Kc3 75. Qxb5 Kd4 76. Qe8 Kd5 77. f4 1-0

[Event "Bahn-chG"]
[Site "Bad Wildungen"]
[Date "2000.09.26"]
[Round "3"]
[White "Holz, Peter"]
[Black "Wallhoefer, Ulrich"]
[Result "0-1"]
[WhiteElo "1350"]
[BlackElo "1694"]
[PlyCount "68"]
[EventDate "2000.09.24"]
[EventType "swiss"]
[EventRounds "7"]
[EventCountry "GER"]
[SourceTitle "EXT 2003"]
[Source "ChessBase"]
[SourceDate "2002.11.25"]
[SourceVersion "1"]
[SourceVersionDate "2002.11.25"]
[SourceQuality "1"]

1. e4 c5 2. Nc3 e6 3. Nf3 a6 4. d4 cxd4 5. Qxd4 Nc6 6. Qd1 Qc7 7. a3 Nf6 8. Bd3 b5 9. Bd2 Bb7 10. 0-0 Bd6 11. Bg5 Ng4 12. g3 h6 13. Bd2 0-0 14. Nh4 Nce5 15. f4 Qc5+ 16. Kg2 Nxd3 17. cxd3 Ne3+ 18. Bxe3 Qxe3 19. Rf3 Qd4 20. Qc2 Rac8 21. Qe2 Be7 22. Kh3 Qc5 23. Qe3 Qh5 24. f5 g6 25. fxg6 fxg6 26. Rf4 g5 27. Rg4 Kh7 28. Rg1 gxh4 29. gxh4 Rf7 30. Qg3 Bg5 31. Qe5 Rcf8 32. Ne2 d6 33. Qxe6 Bc8 34. Qxd6 Qxh4+ 0-1

[Event "Bahn-chG"]
[Site "Bad Wildungen"]
[Date "2000.09.24"]
[Round "1"]
[White "Holz, Peter"]
[Black "Gomis, Rico"]
[Result "0-1"]
[WhiteElo "1350"]
[BlackElo "1730"]
[PlyCount "94"]
[EventDate "2000.09.24"]
[EventType "swiss"]
[EventRounds "7"]
[EventCountry "GER"]
[SourceTitle "EXT 2003"]
[Source "ChessBase"]
[SourceDate "2002.11.25"]
[SourceVersion "1"]
[SourceVersionDate "2002.11.25"]
[SourceQuality "1"]

1. e4 g6 2. Nc3 Bg7 3. Nge2 d6 4. d3 e5 5. Bd2 Ne7 6. h3 Bd7 7. Ng3 c5 8. b3 Nbc6 9. Nb5 Be6 10. Bg5 Qa5+ 11. Qd2 Qxb5 12. d4 Qa5 13. d5 Qxd2+ 14. Kxd2 Nxd5 15. exd5 Bxd5 16. c4 Be6 17. Ne4 Kd7 18. Rd1 Nd4 19. Kc1 h6 20. Be3 f5 21. Nd2 Rac8 22. Bxd4 cxd4 23. f3 h5 24. Kb2 a6 25. Bd3 Bh6 26. Rhe1 Rhg8 27. Nf1 h4 28. g3 hxg3 29. Nxg3 Bf4 30. Ne2 Be3 31. Rh1 Rh8 32. Ng3 Rh6 33. Nf1 Bf4 34. Re1 Rch8 35. Rg1 Rxh3 36. Rxg6 Rxf3 37. Be2 Rf2 38. Ka3 e4 39. Rg7+ Kc6 40. Re7 Bd7 41. b4 Rh3+ 42. Ka4 d3 43. b5+ Kc7 44. Bg4 fxg4 45. R7xe4 Rxa2+ 46. Kb4 d2 47. Rd1 a5# 0-1